| 000 | 00486nam a22001693a 4500 | ||
|---|---|---|---|
| 005 | 20210223124524.0 | ||
| 008 | 011016s1997 ea r 000 0 eng d | ||
| 020 | _a1564963624 | ||
| 035 | _aUPN01000114239 | ||
| 049 | _aCE | ||
| 050 | 4 |
_aZ244.5 _bB3.7 |
|
| 245 | 0 | 4 |
_aThe best of newspaper design 18 / _cil. Michael Jantze. |
| 260 |
_aGloucester, E.U.A. : _bRockport, _c1997. |
||
| 300 |
_a256 p. : _bil. col. |
||
| 650 | 4 |
_aPERIODICOS - _vMAQUETA Y PRESENTACION _922799 |
|
| 905 | _aLibro | ||
| 999 |
_c88147 _d88147 |
||